000 00231nam a22000857a 4500
008 160712b xxu||||| |||| 00| 0 eng d
100 _92681
_a Lewis, J.A
245 _aSubstance Abuse Counseling
260 _aCalifornia
_b Brroks/Cole
_c1988
999 _c2331
_d2331